karma police lyrics - Statistics

General Stats
  • This quiz has been taken 224 times
  • The average score is 98 of 130
Answer Stats
Answer % Correct
karma
100%
police
100%
a
99%
i
99%
this
96%
he
93%
arrest
91%
man
89%
is
86%
in
85%
talks
83%
me
82%
the
82%
you
82%
get
80%
what
80%
like
78%
girl
74%
maths
74%
with
74%
lost
73%
mess
73%
us
73%
when
73%
buzzes
72%
for
72%
myself
72%
and
71%
it
69%
minute
69%
her
68%
we
68%
hitler
66%
radio
66%
feel
65%
making
65%
fridge
64%
ill
64%
its
63%
all
62%
hairdo
62%
there
62%
given
61%
can
58%
i've
58%
enough
55%
not
55%
you'll
55%
have
53%
detuned
51%
on
51%
but
50%
party
50%
crashed
49%
still
47%
we're
47%
payroll
42%
phew
26%
No matching quizzes found
Score Distribution
Percent of People with Each Score
Percentile by Number Answered
Your Score History
You have not taken this quiz